Naher Osten Länder an der Form erraten Part 1 - Statistiken

Allgemein
  • Dieses Quiz wurde 141 mal gespielt
  • Das Durchschnittsergebnis liegt bei 12 aus 13
Antwortstatistiken
Bildquiz Antwort % Korrekt
Ägypten
98%
Türkei
98%
Irak
96%
Iran
96%
Israel
96%
Zypern
96%
Jordanien
93%
Jemen
91%
Saudi arabien
91%
Syrien
91%
Katar
88%
Kuwait
85%
Vereinigte arabische emirate
72%
Keine übereinstimmenden Quizze gefunden
Verteilung der Resultate
Anzahl Personen mit jedem Resultat
Perzentil nach korrekt beantworteten Fragen
Ihre Resultats-Entwicklung
Sie haben dieses Quiz noch nicht gespielt